[Event "IND-ch 60th"]
[Site "Pune"]
[Date "2023.08.20"]
[Round "5"]
[White "Shyam, Nikil P"]
[Black "Abhishek, Kelkar"]
[Result "1-0"]
[WhiteElo "2467"]
[BlackElo "2217"]
[PlyCount "107"]
[EventDate "2023.08.16"]
[EventType "swiss"]
[EventRounds "11"]
[EventCountry "IND"]
[SourceTitle "EXT 2024"]
[Source "ChessBase"]
[SourceDate "2023.10.10"]
[SourceVersion "1"]
[SourceVersionDate "2023.10.10"]
[SourceQuality "1"]

1. Nf3 d5 2. b3 Nf6 3. Bb2 c6 4. g3 Bf5 5. Bg2 e6 6. 0-0 h6 7. c4 Be7 8. d4 0-0 9. Nc3 Nbd7 10. Nd2 a5 11. e3 b5 12. e4 Bg4 13. f3 Bh5 14. e5 Ne8 15. Ne2 Bg6 16. Nf4 Bh7 17. Kh1 Nc7 18. c5 b4 19. Re1 Bg5 20. Nh3 Be7 21. Bf1 f6 22. exf6 Bxf6 23. Nf4 a4 24. a3 Bg5 25. axb4 a3 26. Rxa3 Rxa3 27. Bxa3 Bxf4 28. gxf4 Rxf4 29. b5 cxb5 30. Bh3 Nf8 31. c6 Rxd4 32. Rg1 Rh4 33. Qa1 d4 34. Rg3 Bf5 35. Bxf5 exf5 36. Qe1 Nfe6 37. Rg6 Kf7 38. Rg1 g5 39. Qe5 Qf6 40. Qd6 Qd8 41. Qe5 Qd5 42. Re1 Qxe5 43. Rxe5 Kf6 44. Bd6 d3 45. Re3 Na8 46. Be5+ Ke7 47. Rxd3 Nb6 48. c7 g4 49. Rd6 Nxc7 50. Rxb6 Nd5 51. Rxb5 Ke6 52. Bg3 Rh3 53. fxg4 fxg4 54. Ne4 1-0